Jiddat-E-Nafsiyat (Record no. 4255)

MARC details
000 -LEADER
fixed length control field 00504nam a2200217 a 4500
020 ## - INTERNATIONAL STANDARD BOOK NUMBER
ISBN
082 00 - DEWEY DECIMAL CLASSIFICATION NUMBER
Classification number 150
Author Cutter WOO
100 ## - MAIN ENTRY--AUTHOR NAME
Author name Woodworth, Robert S
245 ## - TITLE STATEMENT
Title Jiddat-E-Nafsiyat
260 ## - PUBLICATION, DISTRIBUTION, ETC. (IMPRINT)
Place of publication Hyderabad
Name of publisher Osmania University
Year of publication 1945
300 ## - PHYSICAL DESCRIPTION
Number of Pages 231p
500 ## - GENERAL NOTE
General note includes index and biblioraphy
505 2# - FORMATTED CONTENTS NOTE
Formatted contents note Index
942 ## - ADDED ENTRY ELEMENTS (KOHA)
Koha item type Books
Holdings
Home library Current library Date acquired Cost, normal purchase price Full call number Accession Number Koha item type
Henry Martyn Institute Library Henry Martyn Institute Library 03/15/2007 100.00 150 WOO 9860 Archive Book
                   Copyright © 2026 | Henry Martyn Institute | Hyderabad | TS-500052 | INDIA | Implemented by hmi.edu.in
Hit-Count:

Powered by Koha